| 000 | 00799cas a22002175a 4500 | ||
|---|---|---|---|
| 001 | ##L99141 | ||
| 008 | 070608c1971 xxkwr p 0 a0eng | ||
| 022 | 1 | _a0306-1051 | |
| 035 | _a(Sirsi) u99141 | ||
| 041 | 0 | _aeng | |
| 245 | 0 | 0 | _aAntiques Trade Gazette |
| 260 | 3 |
_aLondon _bMetropress Ltd |
|
| 520 | _aThis is not available at RICS and is for information purposes only. Free registration to website which includes news, auction reports, a price guide, directories and catalogues. | ||
| 650 | _aJOURNALS | ||
| 650 | _aAuctioneering | ||
| 651 | 4 | _aUnited Kingdom | |
| 690 | _aArt and antiques | ||
| 856 | 4 | 8 |
_uhttps://www.antiquestradegazette.com _zView a limited number of articles free of charge by registering at www.antiquestradegazette.com |
| 942 |
_n0 _2ddc |
||
| 948 | _c21/02/1994 | ||
| 999 |
_c118676 _d118676 |
||